Statistiken für Größte Städte und Gemeinden der Rhein-Neckar-Region

Klicken Sie hier um das Quiz zu spielen!

Allgemein

  • Dieses Quiz wurde 33 mal gespielt
  • Das Durchschnittsergebnis liegt bei 23 aus 52

Antwortstatistiken

EinwohnerStadt/Gemeinde% Korrekt
162.273Heidelberg
100%
315.554Mannheim
100%
174.265Ludwigshafen
94%
45.275Weinheim
81%
49.051Frankenthal
77%
51.368Speyer
77%
26.946Heppenheim
71%
36.601Sinsheim
71%
27.049Wiesloch
71%
84.646Worms
71%
22.062Schwetzingen
68%
34.534Viernheim
65%
15.892Walldorf
65%
21.745Hockenheim
61%
21.099Germersheim
58%
47.610Landau
58%
42.089Bensheim
55%
13.576Neckargemünd
52%
12.592Dossenheim
48%
27.142Leimen
48%
18.818Bad Dürkheim
45%
12.517Ladenburg
45%
32.870Lampertheim
45%
53.981Neustadt an der Weinstraße
45%
15.091Schriesheim
45%
14.504Eberbach
42%
15.455Sandhausen
42%
20.615Schifferstadt
39%
20.387Hassloch
35%
11.927Heddesheim
35%
13.128Ketsch
35%
23.484Mosbach
35%
12.183Oftersheim
35%
14.057Grünstadt
32%
10.511Plankstadt
32%
13.909St. Leon-Rot
32%
14.242Brühl
29%
13.139Mutterstadt
29%
16.734Bürstadt
26%
15.555Eppelheim
26%
11.828Hemsbach
26%
18.350Wörth
26%
10.872Herxheim
23%
11.331Nußloch
23%
11.669Limburgerhof
19%
13.989Lorsch
19%
10.583Böhl-Iggelheim
16%
14.173Edingen-Neckarhausen
16%
10.751Fürth
16%
10.062Bobenheim-Roxheim
13%
18.018Buchen
13%
11.813Walldürn
6%

Verteilung der Resultate

Perzentil nach korrekt beantworteten Fragen

Anzahl Personen mit jedem Resultat

Ihre Resultats-Entwicklung

Sie haben dieses Quiz noch nicht gespielt